Per una storia delle malattie /

Guardat en:
Dades bibliogràfiques
Altres autors: Le Goff, Jacques, (1924-2014), Sournia, Jean Charles
Format: Llibre
Idioma:italià
Publicat: Bari : Dedalo, \1986!
Col·lecció:Storia e civiltà ; 18
Matèries:
Etiquetes: Afegir etiqueta
Sense etiquetes, Sigues el primer a etiquetar aquest registre!

MARC

LEADER 00000nam a2200000 i 4500
001 IT\ICCU\CFI\0032489
003 ItRI
005 20240130165041.0
008 870602s1986 it |||||| ||||| |||||c
015 |2 IT  |a 89-177 
020 |a 882200518X 
040 |b ita  |c GP 
041 7 |a ita  |2 ISO-639-2 
082 |a 306.46  |2 19 
130 4 |a Les maladies ont une histoire. - 
245 0 0 |a Per una storia delle malattie /  |c a cura di Jacques Le Goff e Jean-Charles Sournia. 
260 |a Bari :  |b Dedalo,  |c \1986! 
300 |a 407 p. :  |b ill. ;  |c 22 cm 
500 |a Trad. di vari. 
500 |a Ed. italiana ampliata di 
650 7 |a Malattie  |x Aspetti culturali  |x Storia  |2 scbi 
650 7 |a Medicina  |x Storia 
700 1 |a Le Goff, Jacques,  |d  (1924-2014)  |0 IT\ICCU\CFIV\000374 
700 1 |a Sournia, Jean Charles  |0 IT\ICCU\CFIV\051215 
830 0 |a Storia e civiltà ;  |v 18  |0 IT\ICCU\CFI\0020910 
942 |2 ddc  |c BK 
952 |0 0  |1 0  |2 ddc  |4 0  |6 306_461900000000000_LEG  |7 1  |9 540  |a RM  |b RM  |d 2024-01-30  |l 0  |o 306.4619 LEG  |p 31  |r 2024-01-30 16:51:10  |w 2024-01-30  |y BK 
981 1 |6 z01  |a i   |b xxxe  
982 1 |6 z01  |a n 
999 |c 476  |d 476